000 00670nam a2200229 a 4500
005 20140310183447.0
008 081006s19uu xx 00 eng d
020 _a9782940373192
050 _aTR 899
_b.D86 2008
100 _aBarnwell, Jane
245 _aThe fundamentals of film-making /
_cJane Barnwell
260 _aSwitzerland :
_bAAVA Publishing,
_c2008.
300 _a208 p. :
_bcol. ill. ;
_c24 cm.
521 _aMA
650 _aMedia Arts.
650 _aMotion pictures
_xEditing.
650 _aTelevision
_xProduction and direction.
650 _aSound
_xRecording and reproducing.
650 _aOccupation.
942 _cBK
_2lcc
_kFOR
999 _c23270
_d23270